Culture Générale - Clic Quiz - La réponse est en image #19 - Statistiques

Statistiques générales
  • Ce quiz a été pris 498 fois
  • Le résultat moyen est 23 sur 40
Statistiques - réponses
Hint Réponse % Correct
Simba
90%
Stéthoscope
89%
Franklin
87%
Haute tension
87%
Arnold Schwarzenegger (en emoji par IA)
85%
Présence de matière radioactive
85%
Squeezie
84%
Beethoven
84%
Tibo Inshape
82%
Clint Eastwood (en emoji par IA)
81%
Tom Hanks (en emoji par IA)
81%
Pollution lumineuse
80%
Chuck Norris (en emoji par IA)
79%
Amixem
79%
Périscope
75%
Sylvester Stallone (en emoji par IA)
74%
Le Liechtenstein
69%
Julien Tanti
67%
Yu Qi Shi (N°1 mondial de badminton le 20/11/24)
67%
Footix
65%
Gyroscope
63%
Tornado
60%
Kaléidoscope
54%
Chuqin Wang (N°1 mondial de tennis de table le 20/11/24)
52%
Judd Trump (N°1 mondial de snooker le 20/11/24)
47%
Le Länd de Bade-Wurtemberg
46%
Arme chimique (U.S. Army)
45%
Luke Humphries (N°1 mondial de fléchettes le 20/11/24)
42%
Le Länd de Berlin
39%
Q en braille
39%
Daniel Conversano
38%
Le Länd de Bavière
34%
Rayonnement ionisant
28%
Le Länd de Saxe
26%
R en braille
26%
P en braille
25%
Ali Farag (N°1 mondial de squash le 20/11/24)
21%
T en braille
14%
S en braille
11%
Uranoscope
11%
Aucun quiz correspondant
Distribution des résultats
% des personnes avec chaque résultat
Percentile par nombre de réponses
Votre historique - résultats
Vous n’avez pas pris ce quiz